| 000 | 00629cam a2200217 a 4500 | ||
|---|---|---|---|
| 999 |
_c15414 _d15414 |
||
| 020 | _a0748406646 | ||
| 020 | _a0748406654 | ||
| 082 | 0 | 0 |
_a612.042 _bKRI/FI |
| 100 | 1 |
_aKroemer, K. H. E., _93096 |
|
| 245 | 1 | 0 | _aFitting the task to the human : |
| 250 | _a5th ed. | ||
| 260 |
_aLondon ; _aBristol, PA : _bTaylor & Francis, _cc1997. |
||
| 300 |
_ax, 416 p. : _bill. ; |
||
| 500 | _aOn previous ed. the author Grandjean appears first. | ||
| 650 | 0 |
_aWork _93097 |
|
| 650 | 0 |
_aHuman mechanics. _93098 |
|
| 650 | 0 |
_aHuman engineering. _93099 |
|
| 650 | 0 |
_aIndustrial hygiene. _93100 |
|
| 700 | 1 |
_aGrandjean, E. _93101 |
|
| 942 | _cBK | ||